HIV/AIDS- công việc và bạn
Na minha lista:
| Formato: | Livro |
|---|---|
| Idioma: | Vietnamese |
| Publicado em: |
Hà Nội
Thông tấn
2006
|
| Assuntos: | |
| Tags: |
Adicionar Tag
Sem tags, seja o primeiro a adicionar uma tag!
|
| Thư viện lưu trữ: | Trung tâm Học liệu Lê Vũ Hùng, Trường Đại học Đồng Tháp |
|---|
| LEADER | 00668aam a22002298a 4500 | ||
|---|---|---|---|
| 001 | 00028500 | ||
| 005 | 20171026081025.0 | ||
| 008 | 120328s2006 ||||||viesd | ||
| 041 | 0 | # | |a vie |
| 082 | 1 | 4 | |a 616.97 |b H511I |
| 245 | 0 | 0 | |a HIV/AIDS- công việc và bạn |
| 260 | # | # | |b Thông tấn |c 2006 |a Hà Nội |
| 300 | # | # | |a 64tr. |b minh họa |c 19cm. |
| 653 | # | # | |a AIDS |
| 653 | # | # | |a HIV |
| 653 | # | # | |a Công tác xã hội |
| 653 | # | # | |a Bệnh hệ miễn dịch |
| 852 | # | # | |b Kho đọc |j KD.0012757 |
| 852 | # | # | |j KD.0012757 |
| 910 | |d 28/03/2012 | ||
| 980 | # | # | |a Trung tâm Học liệu Lê Vũ Hùng, Trường Đại học Đồng Tháp |